鬼滅の刃 十二鬼月クイズ - Statistics

General Stats
  • This quiz has been taken 25 times
  • The average score is 7 of 13
Answer Stats
Hint Answer % Correct
上弦の壱 黒死牟
83%
上弦の弐 童磨
74%
上弦の参 猗窩座
74%
上弦の肆 半天狗
70%
上弦の伍 玉壺
65%
下弦の伍
61%
上弦の陸 堕姫
57%
上弦の陸 妓夫太郎
57%
下弦の壱 魘夢
43%
下弦の参 病葉
26%
下弦の肆 零余子
26%
下弦の弐 轆轤
22%
下弦の陸 釜鵺
17%
No matching quizzes found
Score Distribution
Percent of People with Each Score
Percentile by Number Answered
Your Score History
You have not taken this quiz